| 000 | 00368cam a22001575a 4500 | ||
|---|---|---|---|
| 001 | L144328 | ||
| 002 | 7940 | ||
| 008 | 080710s xxk f 000 0 eng d | ||
| 020 | _a9781845924850 | ||
| 035 | _a(Sirsi) u144328 | ||
| 041 | 0 | _aeng | |
| 100 | 1 | _aButler, J M | |
| 245 | 0 | 0 | _aTax Planning for Farm and Land Diversification |
| 651 | 4 | _aENGLAND AND WALES | |
| 942 | _n0 | ||
| 999 |
_c108458 _d108458 |
||